000 00533nam a2200181Ia 4500
999 _c35031
_d35031
003 OSt
005 20200226123051.0
008 190216s9999||||xx |||||||||||||| ||und||
020 _a9789380081069
040 _coclc
082 _a333.8232
_bSTE/E
100 _aStern, Andy
_91764
245 0 _aEnna Yuddhangalude Rashtreeyam = Who won the oil wars? /
_cAndy Stern
260 _bOther Books,
_c2015.
_a Calicut:
300 _a339p
650 _aPolitics
942 _cBK
_2ddc
_h333.8232
_iSTE/E
_k333.8232
_mSTE/E